000 00426nam a2200181Ia 4500
001 19768
005 20260306172717.0
008 260306t2011||||xx |||||||||||||| ||spa||
041 _aESP
082 _a341
_bS55
100 _aSilva Vallejo, José Antonio
_eAUT
245 0 _aFilosofía del derecho
260 _c2011
300 _a839 páginas :
_c23 cm.
650 _aGEN
654 _aCDE
942 _cLIB
_dJUS
_fJUS
_2ddc
_n
999 _c19768
_d19768